000 00297nam a22001337a 4500
008 180313b xxu||||| |||| 00| 0 eng d
020 _a9780590381574
041 _aeng
080 _a038
100 _a23
101 _aFJA
245 _aScholastic dictionary idioms
_cTerban,M
942 _2udc
_cBK
999 _c44922
_d44922